| 000 | 00901 a2200241 4500 | ||
|---|---|---|---|
| 003 | Nust | ||
| 005 | 20230131093551.0 | ||
| 010 | _a 2005305407 | ||
| 020 | _a0195978366 | ||
| 040 | _cNust | ||
| 082 | _a796.358,KHA | ||
| 100 | 1 | _aKhan, Shaharyar M. | |
| 245 | 1 | 0 |
_aCricket : _bA bridge of peace / _cShaharyar M. Khan. |
| 260 |
_aKarachi : _bOxford University Press, _c2005. |
||
| 300 |
_aix, 238 p. : _bill. ; _c23 cm. |
||
| 505 | _aThe Pakistan Cricket Team Tour of India (Page-3), The Pakistan Cricket Team at the World Cup South Africa ,2003 (Page-103). | ||
| 600 | 1 | 0 |
_aKhan, Shaharyar M. _9108146 |
| 650 | 0 |
_aCricket players _xTravel _zIndia. _9108147 |
|
| 650 | 0 |
_aCricket players _xTravel _zSouth Africa. _9108148 |
|
| 650 | 0 |
_aCricket _zPakistan. _9108149 |
|
| 856 | 4 | 2 |
_3Publisher description _uhttp://www.loc.gov/catdir/enhancements/fy0627/2005305407-d.html |
| 942 |
_2ddc _cBK _k796.358,KHA |
||
| 999 |
_c178811 _d178811 |
||